[Event "Reykjavik Open 2016"]
[Site "Reykjavik ISL"]
[Date "2016.03.13"]
[Round "7.45"]
[White "Bak, Christopher"]
[Black "Mihajlov, Sebastian"]
[Result "0-1"]
[BlackTitle "FM"]
[WhiteElo "1969"]
[BlackElo "2387"]
[WhiteFideId "439517"]
[BlackFideId "1512110"]
[EventDate "2016.03.08"]

1. e4 e5 2. Nf3 Nc6 3. d4 exd4 4. Nxd4 Qf6 5. Be3 Bc5 6. c3 Nge7 7. Bc4 d6 8.
O-O O-O 9. Nxc6 Nxc6 10. Bxc5 dxc5 11. f4 Na5 12. Be2 Qb6 13. Qc2 Be6 14. Na3 f6
15. Kh1 Rad8 16. b3 a6 17. Rad1 Rde8 18. Bf3 Nc6 19. Qb2 c4 20. b4 a5 21. b5 Na7
22. Qf2 Nc8 23. Qxb6 Nxb6 24. Rd4 Rd8 25. Rfd1 Rxd4 26. Rxd4 Na4 27. Nxc4 Nxc3
28. Nxa5 b6 29. Nb3 Nxb5 30. Rd2 c5 31. Be2 Nc3 32. Bf3 Ra8 33. Kg1 Rxa2 34.
Rxa2 Nxa2 35. Nd2 c4 36. Bd1 Nc3 37. Bf3 Nb5 38. Bd1 c3 39. Nb1 Ba2 0-1

[Event "Reykjavik Open 2016"]
[Site "Reykjavik ISL"]
[Date "2016.03.13"]
[Round "7.46"]
[White "Skousen, Nikolai"]
[Black "Diaz, Franck"]
[Result "1-0"]
[WhiteTitle "FM"]
[WhiteElo "2294"]
[BlackElo "2060"]
[WhiteFideId "1401432"]
[BlackFideId "639125"]
[EventDate "2016.03.08"]

1. c4 e5 2. g3 Nc6 3. Bg2 f5 4. Nc3 Nf6 5. d3 Bb4 6. Bd2 O-O 7. a3 Bxc3 8. Bxc3
d6 9. Nf3 Qe8 10. b4 Qh5 11. b5 Nd8 12. e3 f4 13. gxf4 exf4 14. e4 Ne6 15. Kd2
c6 16. a4 Bd7 17. Kc2 Rac8 18. Nd2 Qf7 19. Rg1 cxb5 20. axb5 Bxb5 21. cxb5 Nd4+
22. Kb2 Rxc3 23. Kxc3 Nxb5+ 24. Kb2 Nd7 25. Qb3 1-0

[Event "Reykjavik Open 2016"]
[Site "Reykjavik ISL"]
[Date "2016.03.13"]
[Round "7.47"]
[White "Ragnarsson, Dagur"]
[Black "Stray, Gunnar"]
[Result "1-0"]
[WhiteTitle "FM"]
[WhiteElo "2243"]
[BlackElo "2050"]
[WhiteFideId "2304058"]
[BlackFideId "1501631"]
[EventDate "2016.03.08"]

1. d4 f5 2. e4 fxe4 3. Nc3 Nf6 4. Bg5 e6 5. Nxe4 Be7 6. Bxf6 Bxf6 7. Nf3 d5 8.
Ng3 c5 9. Bb5+ Bd7 10. Bxd7+ Nxd7 11. O-O O-O 12. c4 dxc4 13. Qe2 cxd4 14. Qxe6+
Kh8 15. Qxc4 Rc8 16. Qa4 Nc5 17. Qa3 Qd5 18. Rac1 a6 19. Qa5 b5 20. b3 Rc6 21.
Rcd1 Rd6 22. Rfe1 Ne6 23. Ne4 Bd8 24. Qb4 Rd7 25. Rxd4 Qxd4 26. Nxd4 Be7 27.
Qxe7 Rxe7 28. Ng5 Nxd4 29. Rxe7 Rc8 30. h4 h6 31. Ne6 Nf5 32. Rc7 Re8 33. Rc6 a5
34. g3 a4 35. bxa4 bxa4 36. Ra6 Kg8 37. Kg2 a3 38. Nf4 g5 39. hxg5 hxg5 40. Rg6+
Kf7 41. Rxg5 Re5 42. Kh3 Rc5 43. Kg4 Kf6 44. Nh5+ 1-0

[Event "Reykjavik Open 2016"]
[Site "Reykjavik ISL"]
[Date "2016.03.13"]
[Round "7.48"]
[White "Harringer, Manfred"]
[Black "Lasinskas, Povilas"]
[Result "1-0"]
[BlackTitle "FM"]
[WhiteElo "2016"]
[BlackElo "2229"]
[WhiteFideId "12958336"]
[BlackFideId "12800503"]
[EventDate "2016.03.08"]

1. e4 e5 2. Nf3 Nc6 3. Bb5 g6 4. O-O Bg7 5. c3 d6 6. d4 Bd7 7. dxe5 Nxe5 8. Nxe5
Bxe5 9. Qb3 Bc6 10. Na3 Qd7 11. Bxc6 Qxc6 12. Qb5 Ne7 13. Bg5 a6 14. Qb3 h6 15.
Bxe7 Kxe7 16. Nc4 Qb5 17. Nxe5 dxe5 18. Qa3+ Kf6 19. c4 Qc6 20. f4 Rhe8 21. Qf3
Kg7 22. fxe5 Qe6 23. Rad1 Rad8 24. Rd5 Kg8 25. h3 Rd7 26. Qf4 h5 27. Rf2 Rde7
28. Rfd2 c6 29. Rc5 Rd7 30. Rd6 Qe7 31. b4 Red8 32. Rxd7 Rxd7 33. Qf6 Rd1+ 34.
Kh2 Qd7 35. e6 Qxe6 36. Qxe6 fxe6 37. b5 axb5 38. cxb5 cxb5 39. Rxb5 Rd7 40. Kg3
Kf7 41. Kf4 Kf6 42. g4 h4 43. e5+ Kf7 44. Kg5 Kg7 45. Rb6 Re7 46. a4 Kf7 47.
Kxh4 Rc7 48. Kg5 Re7 49. h4 Rc7 50. h5 gxh5 51. gxh5 Rd7 52. h6 Rc7 53. a5 Rd7
54. a6 bxa6 55. Rxa6 Rb7 56. Ra8 1-0

[Event "Reykjavik Open 2016"]
[Site "Reykjavik ISL"]
[Date "2016.03.13"]
[Round "7.49"]
[White "Edvardsson, Kristjan"]
[Black "Heimisson, Hilmir Freyr"]
[Result "0-1"]
[WhiteElo "2228"]
[BlackElo "2048"]
[WhiteFideId "2300893"]
[BlackFideId "2309998"]
[EventDate "2016.03.08"]

1. d4 g6 2. e4 Bg7 3. c4 c5 4. d5 d6 5. Bd3 Nf6 6. Nf3 Bg4 7. h3 Bxf3 8. Qxf3
Nbd7 9. Qe2 O-O 10. O-O a6 11. Nc3 Rb8 12. a4 Qc7 13. Ra3 b6 14. f4 e6 15. dxe6
fxe6 16. Bd2 Rbe8 17. Qd1 Nh5 18. g4 Bd4+ 19. Kg2 Ng7 20. Qc2 Nb8 21. Ne2 Nc6
22. Nxd4 Nxd4 23. Qc3 Qb7 24. Kg3 e5 25. f5 gxf5 26. gxf5 Ngxf5+ 27. exf5 e4 28.
f6 Rxf6 29. Rxf6 Qg7+ 30. Kh2 Qxf6 31. Bxe4 Rxe4 32. Qg3+ Kf7 33. Rd3 Re2+ 34.
Kg1 Rxd2 35. Rxd2 Nf3+ 36. Qxf3 Qxf3 37. Rf2 Qxf2+ 38. Kxf2 Kf6 39. Kf3 Kf5 40.
Ke3 h5 41. Kf3 Ke5 42. Kg3 Kd4 43. b3 Kc3 44. Kh4 Kxb3 45. Kxh5 Kxc4 46. h4 b5
47. axb5 axb5 48. Kg5 b4 49. h5 b3 50. h6 b2 51. h7 b1=Q 52. h8=Q Qg1+ 53. Kf5
Qf2+ 54. Ke6 Qe3+ 55. Kd7 d5 56. Qg8 Qe4 57. Kc6 Qf5 58. Kd6 Qf6+ 59. Kc7 Qh6
60. Qf7 Kd4 61. Qf2+ Qe3 62. Qb2+ Kc4 63. Qa2+ Qb3 64. Qe2+ Kb4 65. Qd2+ Kb5 66.
Qe2+ c4 67. Qe8+ Kb4 68. Qf8+ Kc3 69. Qf3+ Kb2 70. Qxd5 c3 71. Qd4 Qb5 72. Kd8
Kb3 73. Qe3 Qd5+ 74. Ke8 Kb2 75. Qb6+ Qb3 76. Qd4 Qg8+ 77. Ke7 Qg5+ 78. Kf7 Qd2
79. Qe5 Kb1 80. Qb5+ Ka1 81. Qe5 Qb2 82. Kg6 c2 83. Qa5+ Kb1 84. Qf5 Qb6+ 85.
Kh5 Qb8 86. Qe4 Qh8+ 87. Kg5 Qc3 88. Kh5 Qc5+ 89. Kh6 Ka2 90. Qe2 Kb1 91. Qd3
Qb6+ 92. Kh5 Kb2 93. Qe2 Qc5+ 94. Kh6 Qd6+ 95. Kg5 Qd5+ 96. Kh6 Kb1 0-1

[Event "Reykjavik Open 2016"]
[Site "Reykjavik ISL"]
[Date "2016.03.13"]
[Round "7.50"]
[White "Danielsson, Robert"]
[Black "Kristinsson, Jon"]
[Result "0-1"]
[WhiteElo "2011"]
[BlackElo "2211"]
[WhiteFideId "1711490"]
[BlackFideId "2300141"]
[EventDate "2016.03.08"]

1. d4 Nf6 2. c4 e6 3. Nc3 c5 4. Nf3 cxd4 5. Nxd4 Nc6 6. a3 Nxd4 7. Qxd4 b6 8. f3
Bc5 9. Qd3 d5 10. cxd5 exd5 11. e3 a5 12. Be2 O-O 13. O-O Re8 14. Re1 Ba6 15.
Qc2 Bxe2 16. Nxe2 d4 17. exd4 Bxd4+ 18. Kf1 Bc5 19. b3 Nd5 20. Qb2 Qh4 0-1

[Event "Reykjavik Open 2016"]
[Site "Reykjavik ISL"]
[Date "2016.03.13"]
[Round "7.51"]
[White "Arnalds, Stefan"]
[Black "Ptacnikova, Lenka"]
[Result "1-0"]
[BlackTitle "WGM"]
[WhiteElo "2007"]
[BlackElo "2192"]
[WhiteFideId "2304821"]
[BlackFideId "305650"]
[EventDate "2016.03.08"]

1. d4 Nf6 2. c4 e6 3. Nc3 Bb4 4. Qc2 c5 5. dxc5 O-O 6. Bg5 h6 7. Bh4 Bxc5 8. e3
b6 9. Nf3 Bb7 10. Be2 Be7 11. O-O d5 12. Rfd1 Nbd7 13. cxd5 exd5 14. Rac1 Rc8
15. Qb1 Nc5 16. h3 Re8 17. Bb5 Nfe4 18. Nxe4 Nxe4 19. Rxc8 Qxc8 20. Bxe8 Qxe8
21. Bxe7 Qxe7 22. Qc2 g5 23. Qa4 h5 24. Qxa7 g4 25. hxg4 hxg4 26. Qb8+ Kh7 27.
Qe5 1-0

[Event "Reykjavik Open 2016"]
[Site "Reykjavik ISL"]
[Date "2016.03.13"]
[Round "7.52"]
[White "Probst, Alexander"]
[Black "Haynes, Nicolas"]
[Result "1-0"]
[WhiteElo "2006"]
[BlackElo "2182"]
[WhiteFideId "4657535"]
[BlackFideId "2607271"]
[EventDate "2016.03.08"]

1. e4 e5 2. Nf3 Nc6 3. Bb5 a6 4. Ba4 Nf6 5. O-O Be7 6. Re1 b5 7. Bb3 O-O 8. d3
d6 9. c3 Na5 10. Bc2 c5 11. Nbd2 Re8 12. Nf1 h6 13. Ng3 Bf8 14. d4 Qc7 15. d5 c4
16. Nh4 g6 17. h3 Qd8 18. Nf3 Nb7 19. a4 Bd7 20. Be3 Nc5 21. Bxc5 dxc5 22. Qe2
h5 23. Ra2 Qb6 24. Rea1 b4 25. Qxc4 a5 26. b3 Bh6 27. Qd3 bxc3 28. Ne2 g5 29.
Qxc3 Qd6 30. Nd2 Qf8 31. Nc4 Qg7 32. Nb6 Rad8 33. Nxd7 Rxd7 34. Qxa5 h4 35. Qc3
g4 36. a5 gxh3 37. Qxh3 Bg5 38. Bd3 Rb8 39. Bc4 Ra7 40. Qf5 h3 41. Qxe5 Re8 42.
Qg3 Nxe4 43. Qxh3 Bf6 44. Rd1 Ng5 45. Qg4 Rd8 46. a6 Ne4 47. Qxg7+ Bxg7 48. Ra5
Bh6 49. Rda1 Rc8 50. Rb5 Rca8 51. Ra4 Kg7 52. Rb7 Rxb7 53. axb7 Rb8 54. Ra7 Nd6
55. Ba6 1-0

[Event "Reykjavik Open 2016"]
[Site "Reykjavik ISL"]
[Date "2016.03.13"]
[Round "7.53"]
[White "Bjornsson, Tomas"]
[Black "Runarsson, Gunnar"]
[Result "1-0"]
[WhiteTitle "FM"]
[WhiteElo "2175"]
[BlackElo "2028"]
[WhiteFideId "2300303"]
[BlackFideId "2301768"]
[EventDate "2016.03.08"]

1. d4 d5 2. c4 Nf6 3. Nc3 e6 4. Bg5 Be7 5. Qc2 h6 6. Bh4 c6 7. e3 O-O 8. Nf3
Nbd7 9. Bd3 dxc4 10. Bxc4 Nd5 11. Bg3 Nxc3 12. bxc3 b5 13. Bd3 Bb7 14. O-O a6
15. Rfd1 Rc8 16. a4 Nf6 17. c4 Nh5 18. c5 Nxg3 19. hxg3 Bf6 20. Bh7+ Kh8 21. Be4
Qc7 22. axb5 cxb5 23. Bxb7 Qxb7 24. Nd2 e5 25. Qe4 Qxe4 26. Nxe4 exd4 27. exd4
Ra8 28. Nxf6 gxf6 29. d5 a5 30. c6 Ra6 31. Rac1 b4 32. c7 b3 33. c8=Q Rxc8 34.
Rxc8+ Kg7 35. d6 b2 36. Rb8 1-0

[Event "Reykjavik Open 2016"]
[Site "Reykjavik ISL"]
[Date "2016.03.13"]
[Round "7.54"]
[White "Jonsson, Gauti Pall"]
[Black "Adocchio, Giampiero"]
[Result "1-0"]
[WhiteElo "1996"]
[BlackElo "2174"]
[WhiteFideId "2309092"]
[BlackFideId "4666011"]
[EventDate "2016.03.08"]

1. e4 Nc6 2. Nf3 f5 3. exf5 d5 4. Bb5 Bxf5 5. Ne5 Qd6 6. d4 Nf6 7. O-O Nd7 8.
Bxc6 bxc6 9. Bf4 Nxe5 10. Bxe5 Qd7 11. Nd2 e6 12. Re1 Bd6 13. c3 O-O 14. Qf3 a5
15. Qg3 Rf6 16. Bxd6 cxd6 17. Qe3 Qf7 18. Nf1 Rf8 19. Ng3 Be4 20. f3 Bg6 21. b3
h5 22. h3 h4 23. Nf1 Bh5 24. Nh2 Re8 25. Ng4 Bxg4 26. hxg4 h3 27. Rf1 hxg2 28.
Kxg2 e5 29. Rae1 Rf8 30. dxe5 dxe5 31. Qxe5 Rxf3 32. Qe2 Rxf1 33. Rxf1 Qxf1+ 34.
Qxf1 Rxf1 35. Kxf1 Kf7 36. Ke2 Kf6 37. a4 Ke5 38. b4 axb4 39. cxb4 g5 40. Ke3
d4+ 41. Kd3 Kd5 42. a5 c5 43. bxc5 Kxc5 44. a6 Kb6 45. a7 Kxa7 46. Kxd4 Kb7 47.
Ke5 Kc7 48. Kf5 Kd7 49. Kxg5 Ke7 50. Kg6 Kf8 51. Kf6 Kg8 52. g5 Kf8 53. g6 Kg8
54. g7 1-0

[Event "Reykjavik Open 2016"]
[Site "Reykjavik ISL"]
[Date "2016.03.13"]
[Round "7.55"]
[White "Ingvason, Johann"]
[Black "Carlsen, Henrik"]
[Result "0-1"]
[WhiteElo "2171"]
[BlackElo "2011"]
[WhiteFideId "2301431"]
[BlackFideId "1502832"]
[EventDate "2016.03.08"]

1. e4 e5 2. Nf3 Nc6 3. Bb5 Nf6 4. O-O Nxe4 5. d4 Nd6 6. Bxc6 dxc6 7. dxe5 Nf5 8.
Qxd8+ Kxd8 9. Nbd2 h6 10. Ne4 Be7 11. b3 Be6 12. c4 b6 13. h3 Kc8 14. g4 Nh4 15.
Nd4 Bd7 16. f4 c5 17. Nf3 h5 18. Nxh4 Bxh4 19. f5 hxg4 20. hxg4 Kb7 21. Bb2 Bc6
22. Nc3 Rad8 23. Rad1 Rxd1 24. Rxd1 Bf3 25. Rf1 Bxg4 26. Rf4 Bh3 27. Nd5 c6 28.
Ne3 Bg5 29. Rf3 Bxe3+ 30. Rxe3 Bxf5 31. Rg3 Rh7 32. a3 g6 33. Bc3 Rh4 34. Kg2 a5
35. a4 Be4+ 36. Kf2 Rh2+ 37. Ke3 Bf5 38. Kf4 Be6 39. Kg5 Rh3 40. Rxh3 Bxh3 41.
Kf6 Be6 42. Bd2 Ka6 43. Ke7 b5 44. axb5+ cxb5 45. Kd6 bxc4 46. bxc4 Kb6 0-1

[Event "Reykjavik Open 2016"]
[Site "Reykjavik ISL"]
[Date "2016.03.13"]
[Round "7.56"]
[White "Kempen, Leon"]
[Black "Karlsson, Mikael Johann"]
[Result "0-1"]
[WhiteTitle "CM"]
[WhiteElo "1977"]
[BlackElo "2164"]
[WhiteFideId "3203786"]
[BlackFideId "2305194"]
[EventDate "2016.03.08"]

1. d4 d5 2. c4 c6 3. Nc3 Nf6 4. e3 e6 5. Nf3 Nbd7 6. b3 Ne4 7. Nxe4 dxe4 8. Nd2
Bb4 9. Qc2 c5 10. a3 Bxd2+ 11. Bxd2 cxd4 12. exd4 Nf6 13. Be3 O-O 14. Be2 b6 15.
O-O Bb7 16. Rfd1 Qc7 17. Rac1 Rac8 18. Qb2 Qb8 19. g3 h6 20. a4 Bc6 21. Ra1 a5
22. b4 Qc7 23. b5 Ba8 24. Rac1 Qb8 25. c5 Bd5 26. Bf4 Qb7 27. c6 Qe7 28. Ra1 g5
29. Be3 Ne8 30. Qc3 Nd6 31. Bc1 f5 32. Ba3 f4 33. Bxd6 Qxd6 34. Bg4 Kf7 35. Qa3
Qc7 36. Bh5+ Kf6 37. Rac1 Rg8 38. Bg4 h5 39. Bh3 h4 40. Bg4 Rh8 41. h3 f3 42.
gxh4 Rxh4 43. Kf1 Qh2 44. Ke1 Qg1+ 45. Kd2 Qxf2+ 46. Kc3 Qe3+ 47. Kb2 Qxa3+ 48.
Kxa3 Ke7 49. Rc3 Kd6 50. Kb2 Rh6 51. Kc1 Rc7 52. Kd2 Rf7 53. Rf1 Kc7 54. Rf2 Rf4
55. Ke3 Rhf6 56. Rc1 Rf8 57. Rd1 Rd8 58. Ra1 Bb3 59. Ra3 e5 60. Bd7 exd4+ 61.
Kxd4 Bxa4 62. Rxa4 e3+ 63. Kxe3 Rxa4 64. Rb2 Rf4 65. Kf2 Rdf8 66. Bg4 Rb4 67.
Rd2 Rxb5 68. Bxf3 Rbf5 0-1

[Event "Reykjavik Open 2016"]
[Site "Reykjavik ISL"]
[Date "2016.03.13"]
[Round "7.57"]
[White "Bergsson, Stefan"]
[Black "Sigeman, Johan"]
[Result "0-1"]
[WhiteElo "1974"]
[BlackElo "2164"]
[WhiteFideId "2301393"]
[BlackFideId "1705601"]
[EventDate "2016.03.08"]

1. d4 Nf6 2. c4 e6 3. Nc3 Bb4 4. Qc2 O-O 5. Nf3 c5 6. dxc5 Na6 7. g3 Nxc5 8. Bg2
Nce4 9. O-O Nxc3 10. bxc3 Bc5 11. e4 d6 12. e5 dxe5 13. Nxe5 Qc7 14. Qe2 Bd6 15.
Re1 Rb8 16. Bf4 Ne8 17. Qh5 f6 18. Be4 g6 19. Nxg6 hxg6 20. Bxg6 Bxf4 21. Bxe8
Qg7 22. Bg6 f5 23. gxf4 Rf6 24. Kh1 Rxg6 25. Rg1 Kf7 26. Rg5 Qh6 27. Qd1 b6 28.
Qd6 Bb7+ 29. Kg1 Rxg5+ 30. fxg5 Qxg5+ 31. Kf1 Qg2+ 32. Ke2 Qf3+ 33. Kf1 Qh1+ 34.
Ke2 Qe4+ 35. Kd2 Re8 36. Rg1 Qh4 37. Ke1 Qe4+ 38. Kd2 Qh4 39. Ke1 Qf6 40. Rg3
Be4 41. Qc7+ Qe7 42. Qf4 Rg8 43. Rh3 Rg1+ 44. Ke2 Rg7 45. Rh8 Qc5 0-1

[Event "Reykjavik Open 2016"]
[Site "Reykjavik ISL"]
[Date "2016.03.13"]
[Round "7.58"]
[White "Viglundsson, Bjorgvin"]
[Black "Yin, Stanley"]
[Result "1-0"]
[WhiteElo "2164"]
[BlackElo "1961"]
[WhiteFideId "2300400"]
[BlackFideId "24622729"]
[EventDate "2016.03.08"]

1. d4 Nf6 2. c4 c5 3. d5 d6 4. Nc3 g6 5. e4 Bg7 6. Nf3 Bg4 7. Be2 Nbd7 8. O-O h6
9. Ne1 Bxe2 10. Qxe2 O-O 11. Nd3 Ne5 12. Nxe5 dxe5 13. f4 exf4 14. Bxf4 Nh5 15.
e5 Qb8 16. Rae1 f6 17. Qg4 Nxf4 18. Rxf4 g5 19. Qe6+ Kh8 20. Rff1 Qe8 21. Ne4
Qa4 22. d6 fxe5 23. Rxf8+ Bxf8 24. dxe7 1-0

[Event "Reykjavik Open 2016"]
[Site "Reykjavik ISL"]
[Date "2016.03.13"]
[Round "7.59"]
[White "Edvardsen, Ragnar"]
[Black "Thorgeirsson, Jon Kristinn"]
[Result "0-1"]
[WhiteElo "1954"]
[BlackElo "2157"]
[WhiteFideId "1502719"]
[BlackFideId "2307731"]
[EventDate "2016.03.08"]

1. e4 d6 2. d4 Nf6 3. Nc3 g6 4. f4 Bg7 5. Nf3 O-O 6. Be2 c5 7. d5 b5 8. e5 dxe5
9. fxe5 Ng4 10. Bf4 b4 11. Ne4 Nd7 12. e6 Nb6 13. Nfg5 Nh6 14. exf7+ Nxf7 15.
Ne6 Qxd5 16. Qxd5 Nxd5 17. N4xc5 Bxe6 18. Nxe6 Nxf4 19. Nxf4 Bxb2 20. Rb1 Bc3+
21. Kd1 Ne5 22. Nd3 Rad8 23. Kc1 Nc4 24. Bf3 Nd2 25. Rb3 e5 26. Nc5 Rd6 27. Rd1
Rfd8 28. Nb7 Nxb3+ 29. axb3 Rxd1+ 30. Bxd1 Bb2+ 31. Kxb2 Rxd1 32. Na5 e4 33. Nc4
Re1 0-1

[Event "Reykjavik Open 2016"]
[Site "Reykjavik ISL"]
[Date "2016.03.13"]
[Round "7.60"]
[White "Giannatos, Peter"]
[Black "Kuehn, Matthias"]
[Result "1-0"]
[WhiteElo "2155"]
[BlackElo "1957"]
[WhiteFideId "2041650"]
[BlackFideId "24681288"]
[EventDate "2016.03.08"]

1. d4 g6 2. Nf3 Bg7 3. Bf4 d6 4. e3 Nf6 5. h3 O-O 6. Be2 Nc6 7. O-O Nh5 8. Bh2
f5 9. c4 e5 10. Nc3 Qf6 11. Nd5 Qd8 12. Rc1 Rf7 13. c5 Be6 14. Nxc7 Rxc7 15. d5
e4 16. cxd6 exf3 17. dxc7 Qxd5 18. Bc4 Qxc4 19. Rxc4 Bxc4 20. Qd7 Bxf1 21. c8=Q+
Rxc8 22. Qxc8+ Kf7 23. Qxb7+ Ne7 24. Kxf1 fxg2+ 25. Kxg2 f4 26. Bxf4 Nxf4+ 27.
exf4 Bd4 28. b4 h5 29. a4 Ke6 30. Qe4+ 1-0

[Event "Reykjavik Open 2016"]
[Site "Reykjavik ISL"]
[Date "2016.03.13"]
[Round "7.61"]
[White "Riccardi, Thomas"]
[Black "Valtysson, Thor"]
[Result "1/2-1/2"]
[WhiteElo "2135"]
[BlackElo "1946"]
[WhiteFideId "2025973"]
[BlackFideId "2301903"]
[EventDate "2016.03.08"]

1. e4 c6 2. d4 d5 3. e5 Bf5 4. Nc3 e6 5. Nf3 Nd7 6. Be2 h6 7. O-O Bh7 8. b3 Bb4
9. Bb2 Ne7 10. a3 Ba5 11. b4 Bc7 12. Na4 O-O 13. Qd2 Ng6 14. Ne1 f6 15. f4 Ne7
16. g3 fxe5 17. dxe5 b5 18. Nc5 Nxc5 19. bxc5 Ba5 20. Bc3 Bxc3 21. Qxc3 a5 22.
Nf3 Nf5 23. Bd3 Ne7 24. Be2 Qd7 25. Rad1 Kh8 26. Bd3 a4 27. Nd4 Rf7 28. Rf2 Bxd3
29. cxd3 Nf5 30. Rdf1 Nxd4 31. Qxd4 Raf8 32. h3 Kh7 33. Kg2 g6 34. h4 h5 35. Kf3
Rf5 36. Ke3 Qa7 37. Qc3 Kh6 38. Rg1 Qf7 39. d4 Kh7 40. Qd2 1/2-1/2

[Event "Reykjavik Open 2016"]
[Site "Reykjavik ISL"]
[Date "2016.03.13"]
[Round "7.62"]
[White "Baldvinsson, Loftur"]
[Black "Edel, Thomas"]
[Result "0-1"]
[WhiteElo "1939"]
[BlackElo "2127"]
[WhiteFideId "2301261"]
[BlackFideId "24653233"]
[EventDate "2016.03.08"]

1. e4 c6 2. Nc3 d5 3. Qf3 dxe4 4. Nxe4 Nd7 5. d4 Ndf6 6. c3 Nxe4 7. Qxe4 Nf6 8.
Qc2 Bg4 9. Ne2 g6 10. Ng3 Bg7 11. Bc4 Qd7 12. f3 Be6 13. Bd3 b6 14. O-O O-O 15.
Ne4 Nd5 16. Ng5 Bf5 17. Bxf5 Qxf5 18. Qxf5 gxf5 19. Nh3 b5 20. Nf4 b4 21. Nxd5
cxd5 22. Re1 e6 23. Bf4 bxc3 24. bxc3 Rfc8 25. Re3 Rxc3 26. Rd1 Rc2 27. Ra3 a5
28. Kf1 a4 29. Bd6 Bf8 30. Bxf8 Kxf8 31. Rb1 Rc4 32. Rd3 Rac8 33. Ke2 Rc2+ 34.
Rd2 R8c4 35. Rb2 Rxb2 36. Rxb2 Rxd4 37. Ke3 Rc4 38. g3 Rc3+ 39. Kf4 Kg7 40. h4
a3 41. Rd2 Kf6 42. g4 e5+ 43. Kg3 f4+ 44. Kg2 d4 45. Kf2 Ke6 46. Ke2 Kd5 47. g5
Kc4 48. Kd1 Rxf3 49. g6 fxg6 50. h5 gxh5 51. Re2 Kd5 52. Rh2 d3 53. Rxh5 Kd4 54.
Rxh7 Rf1+ 55. Kd2 Rf2+ 56. Kc1 Rxa2 57. Rh1 e4 58. Kb1 Rb2+ 59. Ka1 Rf2 0-1

[Event "Reykjavik Open 2016"]
[Site "Reykjavik ISL"]
[Date "2016.03.13"]
[Round "7.63"]
[White "Pashkov, Vladimir M."]
[Black "Baldursson, Hrannar"]
[Result "0-1"]
[BlackTitle "AGM"]
[WhiteElo "1881"]
[BlackElo "2124"]
[WhiteFideId "24194778"]
[BlackFideId "2301156"]
[EventDate "2016.03.08"]

1. d4 d6 2. e4 Nf6 3. Nc3 c6 4. Bf4 Qa5 5. f3 e5 6. Be3 Be7 7. Bc4 b5 8. Bb3
Nbd7 9. Ne2 O-O 10. Qd2 Bb7 11. O-O exd4 12. Nd5 Qd8 13. Nxe7+ Qxe7 14. Nxd4 g6
15. Rad1 Rfd8 16. Qf2 a6 17. Ne2 c5 18. c3 c4 19. Bc2 d5 20. Qh4 dxe4 21. Rxd7
Rxd7 22. Bg5 exf3 23. Bxf6 Qxe2 24. Qg4 f2+ 0-1

[Event "Reykjavik Open 2016"]
[Site "Reykjavik ISL"]
[Date "2016.03.13"]
[Round "7.64"]
[White "Gardarsson, Hordur"]
[Black "Jameson, David"]
[Result "0-1"]
[WhiteElo "1731"]
[BlackElo "2103"]
[WhiteFideId "2303604"]
[BlackFideId "1801538"]
[EventDate "2016.03.08"]

1. d4 Nf6 2. Nf3 g6 3. c4 Bg7 4. Nc3 O-O 5. e4 d6 6. Be2 e5 7. d5 a5 8. O-O Na6
9. b3 h6 10. Ba3 Nd7 11. Nd2 f5 12. Rc1 b6 13. Bb2 Nf6 14. a3 f4 15. Na2 g5 16.
f3 h5 17. b4 axb4 18. axb4 g4 19. Re1 Qe7 20. Qb3 h4 21. Nc3 Nb8 22. Nb5 h3 23.
gxh3 g3 24. Bf1 Nh5 25. Re2 Rf6 26. c5 Rg6 27. cxd6 gxh2+ 28. Kxh2 Qh4 29. Bg2
Bxh3 30. Kg1 Ng3 31. Rce1 Nxe2+ 32. Rxe2 cxd6 33. Nc7 Qg5 34. Ne6 Qe7 35. Qc4
Bxe6 36. dxe6 Qxe6 37. Qc7 Nd7 38. Nc4 Rb8 39. b5 Bf8 40. Ba3 d5 41. exd5 Qe8
42. Bxf8 Kxf8 43. Nxe5 Nxe5 44. Rxe5 Qc8 45. Qh7 Qc1+ 46. Kh2 Rxg2+ 47. Kxg2
Qb2+ 48. Kh3 Qxe5 49. Qh6+ Ke7 50. Qh7+ Kd6 51. Qg6+ Kxd5 52. Qc6+ Kd4 53. Qd7+
Ke3 0-1

[Event "Reykjavik Open 2016"]
[Site "Reykjavik ISL"]
[Date "2016.03.13"]
[Round "7.65"]
[White "Amos, Frank"]
[Black "Erikstad, Olav"]
[Result "1-0"]
[WhiteElo "2101"]
[BlackElo "1838"]
[WhiteFideId "4635442"]
[BlackFideId "1504983"]
[EventDate "2016.03.08"]

1. e4 c6 2. d4 d5 3. f3 e6 4. c3 dxe4 5. Nd2 exf3 6. Ndxf3 Bd7 7. Bd3 c5 8. Ne2
Nc6 9. O-O cxd4 10. cxd4 Bd6 11. Nc3 Rc8 12. Ne4 Bb8 13. b3 Qb6 14. Kh1 Nb4 15.
Bc4 Bc6 16. Nfg5 Bxe4 17. Nxe4 Nd5 18. Bxd5 exd5 19. Qg4 Rc2 20. Nc5 Nf6 21.
Rxf6 Rxc1+ 22. Rxc1 Qc7 23. Re1+ Kd8 24. Rd6+ 1-0

[Event "Reykjavik Open 2016"]
[Site "Reykjavik ISL"]
[Date "2016.03.13"]
[Round "7.66"]
[White "O'Gorman, Alice"]
[Black "Santeramo, Alessia"]
[Result "1/2-1/2"]
[BlackTitle "WFM"]
[WhiteElo "1620"]
[BlackElo "2095"]
[WhiteFideId "2508214"]
[BlackFideId "850810"]
[EventDate "2016.03.08"]

1. e4 e5 2. Nf3 Nc6 3. Bc4 Nf6 4. d3 h6 5. O-O g6 6. Re1 d6 7. c3 Bg7 8. Nbd2
O-O 9. Bb3 Re8 10. Nf1 Na5 11. Bc2 d5 12. Ng3 b6 13. Ba4 Bd7 14. Bd2 Nb7 15.
exd5 Bxa4 16. Qxa4 Nc5 17. Qc2 Qxd5 18. d4 exd4 19. Nxd4 Nce4 20. Nxe4 Nxe4 21.
Be3 c5 22. Nb3 Qc6 23. Rad1 Nd6 24. f3 Nf5 25. Bf2 Qa4 26. a3 Rad8 27. g3 Kh7
28. Rxe8 Rxe8 29. Nd4 Qxc2 30. Nxc2 Re2 31. Rc1 Nd6 32. Kf1 Re7 33. Ne3 h5 34.
Rd1 Re6 35. Kg2 Bh6 36. Re1 Kg8 37. h3 Kf8 38. Kf1 Ke8 39. Re2 Kd7 40. Ke1 Kc6
41. a4 Rf6 42. f4 Re6 43. Kd1 f5 44. Ng2 Rxe2 45. Kxe2 Nc4 46. b3 Nd6 47. Kd3
Bg7 48. Be1 Nb7 49. Nh4 Bf6 1/2-1/2

[Event "Reykjavik Open 2016"]
[Site "Reykjavik ISL"]
[Date "2016.03.13"]
[Round "7.67"]
[White "Thorhallsson, Simon"]
[Black "Viktorsson, Svavar"]
[Result "1-0"]
[WhiteElo "2092"]
[BlackElo "1701"]
[WhiteFideId "2310090"]
[BlackFideId "2304520"]
[EventDate "2016.03.08"]

1. d4 Nf6 2. c4 g6 3. Nc3 d5 4. Nf3 Bg7 5. Qb3 dxc4 6. Qxc4 Nbd7 7. e4 Nb6 8.
Qc5 O-O 9. Be2 Nfd7 10. Qg5 e5 11. Qxd8 Rxd8 12. d5 c6 13. Bg5 f6 14. Be3 cxd5
15. exd5 f5 16. g3 e4 17. Nd4 Ne5 18. Ndb5 Nbc4 19. Bg5 Rd7 20. O-O-O h6 21. Bf4
g5 22. Be3 Nxe3 23. fxe3 a6 24. Nd4 Rc7 25. Rhf1 Nc4 26. Bxc4 Rxc4 27. Nxf5 Bxf5
28. Rxf5 Bxc3 29. bxc3 Rxc3+ 30. Kd2 Rac8 31. Ke2 Ra3 32. Rd2 Rcc3 33. d6 Rxe3+
34. Kd1 Rad3 35. Rd5 Kf7 36. d7 1-0